000 00857cam a22002411 4500
001 sd 58000010
003 DLC
005 20260227112736.0
008 920309s1958 dcua f000 0 eng c
010 _asd 58000010
035 _a(OCoLC)25415760
040 _aU.S. Dept. of State. Library
_cDHU
_dDHU
_dDLC
050 0 0 _aE835
_b.W5
082 _a327.73
100 1 _aWilcox, Francis O.
_q(Francis Orlando),
_d1908-1985.
245 1 4 _aThe role of the United States in world affairs;
_bbackground.
260 _a[Washington,
_bU.S. Govt. Print. Off.,
_c1958]
300 _a26 p.
_billus.
_c26 cm.
490 1 _a[U.S.] Dept. of State. Publication 6669. General foreign policy series,
_v128
651 0 _aUnited States
_xRelations.
650 0 _aWorld politics
_y1955-1965.
830 0 _aDepartment of State publication.
_pGeneral foreign policy series ;
_v128.
999 _c90067
_d90067